000 00700nam a2200181Ia 4500
008 151202s9999||||xx |||||||||||||| ||und||
082 _bPNVM-32917
100 _aआपटे ह.ना
245 _aकेवळ स्वराज्यासाठी संक्षिप्त.
260 _b"आर्यभूषण मुद्रणालय,पुणे."
260 _c1977
300 _a104
600 _aआपटे ह.ना
630 _aकेवळ स्वराज्यासाठी संक्षिप्त.
700 _aआपटे ह.ना
730 _aकेवळ स्वराज्यासाठी संक्षिप्त.
942 _cBOOK
999 _c1298878
_d1298875